France - Les magasins protégés aux Monuments historiques - Statistiques

Statistiques générales
  • Ce quiz a été pris 27 fois
  • Le résultat moyen est 11 sur 28
Statistiques - réponses
Indice Type de commerce Nombre % Correct
Pour la baguette Boulangerie 27
96%
Parfois rouge Boucherie 10
85%
Pour les gourmands Pâtisserie 8
81%
On y dort Hôtel 1
77%
On y compte Banque 3
73%
On s'y retrouve pour manger Restaurant 3
73%
En trois ou quatre lettres Bar 18
69%
Aimée des hypocondriaques Pharmacie 11
65%
Tout y est bon Charcuterie 8
58%
Commerce alimentaire généraliste Epicerie 5
58%
On y sent la rose Fleuriste 1
58%
Commerce culturel Librairie 4
50%
Spécialiste du couvre-chef Chapelier 1
35%
Vend des douceurs Confiserie 4
35%
Au bon beurre Crémerie 14
35%
On y toujours à l'heure Horlogerie 1
27%
Souvent aimée des femmes Bijouterie 1
23%
Hésite entre éclair et baguette Boulangerie-Pâtisserie 5
23%
Les produits sont toujours frais ! Poissonnerie 1
23%
Hésite entre porc et boeuf Boucherie-Charcuterie 2
19%
Fait commerce d'une viande rare Boucherie chevaline 2
12%
Généraliste mais petite Boutique 29
4%
On y achètait ses faux-cols Chemisier 1
4%
Vaste généraliste Grand magasin 11
4%
On y trouve des casses Imprimerie 1
4%
Souvent torréfacteur Marchand de café 1
0%
Fait commerce d'une matière issue d'un chêne Marchand de liège 1
0%
On y vend le produit des butineuses Marchand de miel 1
0%
Aucun quiz correspondant
Distribution des résultats
% des personnes avec chaque résultat
Percentile par nombre de réponses
Votre historique - résultats
Vous n’avez pas pris ce quiz